[Event "HUN-ch U8-U18 2019"]
[Site "Balatonlelle"]
[Date "2019.06.28"]
[Round "9.28"]
[White "Varga, Boldizsar"]
[Black "Giang, Tran Nam"]
[Result "0-1"]
[WhiteElo "1804"]
[BlackElo "2008"]
[Annotator "NA"]
[PlyCount "64"]
[EventDate "2019.06.21"]
[EventType "swiss"]
[EventCountry "HUN"]
[SourceTitle "playchess.com"]
[Source "ChessBase"]
[SourceQuality "1"]

1. e4 c5 2. Nf3 e6 3. Nc3 a6 4. d4 cxd4 5. Nxd4 Qc7 6. a3 Nf6 7. Be2 b5 8. O-O Bb7 9. f3 Be7 10. Kh1 d5 11. exd5 Nxd5 12. Nxd5 Bxd5 13. Be3 O-O 14. Rc1 Nd7 15. Bd3 Nb6 16. Re1 Na4 17. b4 Nb2 18. Qd2 Nc4 19. Qc3 Rac8 20. Ra1 Nxe3 21. Qxc7 Rxc7 22. Rxe3 Bf6 23. Rd1 Bxd4 24. Bxh7+ Kxh7 25. Rxd4 Rxc2 26. h3 Rfc8 27. Rh4+ Kg8 28. Re5 R8c4 29. Rxc4 bxc4 30. Re3 c3 31. Re1 Rd2 32. Rc1 c2 0-1

[Event "HUN-ch U8-U18 2019"]
[Site "Balatonlelle"]
[Date "2019.06.28"]
[Round "9.29"]
[White "Karacsonyi, Bank"]
[Black "Kerekes, Laszlo Fulop"]
[Result "1-0"]
[WhiteElo "1529"]
[BlackElo "1320"]
[Annotator "NA"]
[PlyCount "67"]
[EventDate "2019.06.21"]
[EventType "swiss"]
[EventCountry "HUN"]
[SourceTitle "playchess.com"]
[Source "ChessBase"]
[SourceQuality "1"]

1. e4 e5 2. Nf3 Nc6 3. Bc4 Nf6 4. d3 Bc5 5. c3 d6 6. Bb3 h6 7. Nbd2 O-O 8. O-O Be6 9. Bc2 Qd7 10. h3 d5 11. Qe2 d4 12. Ba4 Bd6 13. cxd4 Nxd4 14. Qd1 b5 15. Nxd4 exd4 16. Bc2 Bxh3 17. f4 Ng4 18. Nb3 Ne3 19. Bxe3 dxe3 20. gxh3 Qxh3 21. Qf3 Qh4 22. e5 Be7 23. Rae1 a5 24. Re2 a4 25. Nd4 Bc5 26. Nf5 Qd8 27. Qg4 g6 28. d4 Bxd4 29. Nxd4 Qxd4 30. Bxg6 Kh8 31. Qh4 Kg7 32. Qf6+ Kg8 33. Bf5 Rab8 34. Rg2# 1-0

[Event "HUN-ch U8-U18 2019"]
[Site "Balatonlelle"]
[Date "2019.06.28"]
[Round "9.30"]
[White "Csontos, Aron"]
[Black "Matyassy, Lazar"]
[Result "0-1"]
[WhiteElo "1376"]
[BlackElo "1539"]
[Annotator "NA"]
[PlyCount "50"]
[EventDate "2019.06.21"]
[EventType "swiss"]
[EventCountry "HUN"]
[SourceTitle "playchess.com"]
[Source "ChessBase"]
[SourceQuality "1"]

1. e4 c5 2. c3 d5 3. exd5 Qxd5 4. d4 cxd4 5. cxd4 Nc6 6. Nf3 e5 7. Nc3 Bb4 8. a3 Bxc3+ 9. bxc3 e4 10. c4 Qh5 11. d5 exf3 12. dxc6 Ne7 13. cxb7 Bxb7 14. g3 O-O 15. Be3 Rfe8 16. Qb3 Bc6 17. O-O-O Rab8 18. Qc3 Ba4 19. Rd4 Rb3 20. Qd2 Nc6 21. Rh4 Qf5 22. Qa2 Rxa3 23. Bh3 Qd3 24. Qb2 Ra1+ 25. Qxa1 Qc2# 0-1

[Event "HUN-ch U8-U18 2019"]
[Site "Balatonlelle"]
[Date "2019.06.28"]
[Round "9.31"]
[White "Csernyik, Mark"]
[Black "Vadkerti, Vince"]
[Result "1-0"]
[WhiteElo "1704"]
[BlackElo "1558"]
[Annotator "NA"]
[PlyCount "61"]
[EventDate "2019.06.21"]
[EventType "swiss"]
[EventCountry "HUN"]
[SourceTitle "playchess.com"]
[Source "ChessBase"]
[SourceQuality "1"]

1. e4 c5 2. d4 cxd4 3. c3 dxc3 4. Nxc3 e6 5. Nf3 a6 6. Bc4 b5 7. Bb3 d6 8. O-O Bb7 9. Qe2 Nd7 10. Rd1 Be7 11. Be3 Qb8 12. a3 Ngf6 13. Bc2 O-O 14. Nd4 d5 15. exd5 Nxd5 16. Nxd5 Bxd5 17. Rac1 Nf6 18. Bg5 Bc4 19. Bd3 Bxd3 20. Rxd3 Qa7 21. Nc6 Qb7 22. Rdc3 Rfe8 23. Nxe7+ Qxe7 24. Rc7 Qd6 25. Bxf6 gxf6 26. Qg4+ Kf8 27. Qh5 Re7 28. R7c6 Qd3 29. Qh6+ Kg8 30. R6c3 Qg6 31. Rg3 1-0

[Event "HUN-ch U8-U18 2019"]
[Site "Balatonlelle"]
[Date "2019.06.28"]
[Round "9.32"]
[White "Baki, Bence"]
[Black "Pasti, Zsombor"]
[Result "0-1"]
[WhiteElo "1174"]
[BlackElo "1641"]
[Annotator "NA RC"]
[PlyCount "56"]
[EventDate "2019.06.21"]
[EventType "swiss"]
[EventCountry "HUN"]
[SourceTitle "playchess.com"]
[Source "ChessBase"]
[SourceQuality "1"]

1. e4 e5 2. Nf3 Nc6 3. Bc4 Nf6 4. Nc3 Bb4 5. d3 d6 6. Bg5 h6 7. Bd2 O-O 8. O-O Bg4 9. h3 Bh5 10. a3 Ba5 11. b4 Bb6 12. g4 Nxg4 13. hxg4 Bxg4 14. Kg2 Nd4 15. Kg3 Bxf3 16. Qc1 Qf6 17. Rg1 Be2 18. f4 Qg6+ 19. Kh3 Qh5+ 20. Kg2 Qf3+ 21. Kh2 Qf2+ 22. Kh3 Qf3+ 23. Rg3 Qh5+ 24. Kg2 Bf3+ 25. Kf1 Qh1+ 26. Rg1 Bg2+ 27. Kf2 Nb3+ 28. Kg3 Qh3# 0-1

[Event "HUN-ch U8-U18 2019"]
[Site "Balatonlelle"]
[Date "2019.06.28"]
[Round "9.33"]
[White "Lehocz, Jozsef Jr."]
[Black "Megyeri, Martin"]
[Result "1/2-1/2"]
[WhiteElo "1382"]
[BlackElo "1520"]
[Annotator "NA"]
[PlyCount "79"]
[EventDate "2019.06.21"]
[EventType "swiss"]
[EventCountry "HUN"]
[SourceTitle "playchess.com"]
[Source "ChessBase"]
[SourceQuality "1"]

1. b3 e5 2. Bb2 d6 3. e3 Nc6 4. Bb5 Bd7 5. Nf3 Nf6 6. h3 Be7 7. d4 e4 8. Nfd2 d5 9. c4 Nb4 10. Bxd7+ Qxd7 11. O-O Nd3 12. Ba3 Bxa3 13. Nxa3 c6 14. Nc2 c5 15. f3 cxd4 16. exd4 dxc4 17. Nxc4 Nf4 18. fxe4 N6h5 19. Qd2 O-O 20. Rxf4 Nxf4 21. Qxf4 b5 22. Ne5 Qd6 23. Ng6 Qxg6 24. Nb4 Qb6 25. e5 Rad8 26. Rd1 a5 27. Nc2 f6 28. Kh1 fxe5 29. Qxe5 Rf2 30. Ne3 Qg6 31. Qxb5 Re8 32. Ng4 Rxa2 33. Qd5+ Qe6 34. Qb5 Qe4 35. Qc4+ Kh8 36. Rg1 Rc2 37. Qa4 Re2 38. Ne5 Rf8 39. Qc4 Re3 40. Kh2 1/2-1/2

[Event "HUN-ch U8-U18 2019"]
[Site "Balatonlelle"]
[Date "2019.06.28"]
[Round "9.34"]
[White "Havasi, Gergely Bulcsu"]
[Black "Panda, Barnabas"]
[Result "0-1"]
[WhiteElo "1486"]
[BlackElo "1722"]
[Annotator "NA"]
[PlyCount "74"]
[EventDate "2019.06.21"]
[EventType "swiss"]
[EventCountry "HUN"]
[SourceTitle "playchess.com"]
[Source "ChessBase"]
[SourceQuality "1"]

1. d4 Nf6 2. Nf3 d5 3. Bf4 c5 4. e3 Nc6 5. c3 Qb6 6. Qb3 c4 7. Qxb6 axb6 8. Nbd2 b5 9. Be2 b4 10. O-O bxc3 11. bxc3 Bf5 12. Ne5 Nxe5 13. dxe5 Ne4 14. Nxe4 Bxe4 15. Rfd1 e6 16. f3 Bg6 17. e4 Bc5+ 18. Kh1 dxe4 19. Bxc4 exf3 20. gxf3 Ke7 21. Re1 h6 22. Bg3 Bf5 23. Re2 Rhd8 24. Rb2 b6 25. a4 Bd3 26. Bb3 Bf5 27. Bc4 Bh3 28. f4 Rxa4 29. Ba2 Rda8 30. Bf2 Bxf2 31. Rxf2 Bf5 32. Kg2 Be4+ 33. Kg3 Ra3 34. Kh4 Rxc3 35. Rd2 Raa3 36. Rad1 Rh3+ 37. Kg4 Bf5# 0-1

[Event "HUN-ch U8-U18 2019"]
[Site "Balatonlelle"]
[Date "2019.06.28"]
[Round "9.35"]
[White "Kovacs, Kristof"]
[Black "Berla, Zoltan Mate"]
[Result "1-0"]
[WhiteElo "1435"]
[BlackElo "1098"]
[Annotator "NA"]
[PlyCount "123"]
[EventDate "2019.06.21"]
[EventType "swiss"]
[EventCountry "HUN"]
[SourceTitle "playchess.com"]
[Source "ChessBase"]
[SourceQuality "1"]

1. e4 c5 2. Nf3 g6 3. c3 Bg7 4. d4 cxd4 5. cxd4 d5 6. e5 Bg4 7. Nc3 Nh6 8. Be2 Bxf3 9. Bxf3 e6 10. Bxh6 Bxh6 11. O-O a6 12. Be2 Nc6 13. f4 O-O 14. Qd3 f5 15. Rad1 Qa5 16. a3 b5 17. Na2 Rfc8 18. Rb1 Qb6 19. Rbd1 Rcb8 20. b3 b4 21. a4 a5 22. g4 Rb7 23. g5 Bg7 24. h4 h5 25. gxh6 Bxh6 26. Rf2 Rg7 27. Qb5 Rb8 28. Qxb6 Rxb6 29. Bb5 Na7 30. Bf1 Rc6 31. Rc1 Rxc1 32. Nxc1 Nc6 33. Ne2 Kh7 34. Kg2 Rc7 35. Kg3 Na7 36. Kf3 Rc2 37. Ke3 Rb2 38. Nc1 Rxf2 39. Kxf2 Bxf4 40. Nd3 Bh6 41. Nc5 Kg7 42. Nxe6+ Kf7 43. Ng5+ Bxg5 44. hxg5 Nc8 45. Bb5 Ke6 46. Be8 Ne7 47. Kf3 f4 48. Kxf4 Nf5 49. Bxg6 Ng7 50. Bd3 Ke7 51. g6 Ne6+ 52. Ke3 Kf8 53. Bf5 Ng7 54. Kf4 Nh5+ 55. Kg5 Ng7 56. Kf6 Ne8+ 57. Kg5 Ng7 58. e6 Ke7 59. Bh3 Ne8 60. Kh6 Kf8 61. Bg2 Nc7 62. e7+ 1-0

[Event "HUN-ch U8-U18 2019"]
[Site "Balatonlelle"]
[Date "2019.06.28"]
[Round "9.36"]
[White "Cserpes, Gabor Janos"]
[Black "Biro, Daniel"]
[Result "0-1"]
[WhiteElo "1263"]
[BlackElo "1343"]
[Annotator "NA"]
[PlyCount "80"]
[EventDate "2019.06.21"]
[EventType "swiss"]
[EventCountry "HUN"]
[SourceTitle "playchess.com"]
[Source "ChessBase"]
[SourceQuality "1"]

1. e4 e6 2. Nf3 d5 3. exd5 exd5 4. d4 Nf6 5. Bg5 Be7 6. Bxf6 Bxf6 7. c3 O-O 8. Nbd2 Re8+ 9. Be2 Qe7 10. O-O Qxe2 11. Re1 Qxd1 12. Raxd1 Rxe1+ 13. Rxe1 Be6 14. c4 dxc4 15. d5 Bd7 16. Nxc4 h6 17. Na5 c6 18. d6 b6 19. Nc4 Na6 20. Nfe5 Re8 21. f4 b5 22. Nd2 Bxe5 23. fxe5 f6 24. Nf3 Kf7 25. h3 Nc5 26. Re3 a5 27. b3 b4 28. Nd4 Rxe5 29. Kf2 Rxe3 30. Kxe3 Ne6 31. h4 Nxd4 32. Kxd4 Ke6 33. Kc5 g6 34. Kb6 Kxd6 35. Kxa5 c5 36. Kb6 g5 37. h5 f5 38. g3 f4 39. gxf4 gxf4 40. Ka5 f3 0-1